<?xml version="1.0" encoding="UTF-8"?>
<record
    xmlns:xsi="http://www.w3.org/2001/XMLSchema-instance"
    xsi:schemaLocation="http://www.loc.gov/MARC21/slim http://www.loc.gov/standards/marcxml/schema/MARC21slim.xsd"
    xmlns="http://www.loc.gov/MARC21/slim">

  <leader>00519 c  a2200169   4500</leader>
  <controlfield tag="008">a040220s1999    mx            000 0 spa u</controlfield>
  <datafield tag="020" ind1=" " ind2=" ">
    <subfield code="a">9706570438</subfield>
  </datafield>
  <datafield tag="050" ind1=" " ind2=" ">
    <subfield code="a">F1224 C37 1999</subfield>
  </datafield>
  <datafield tag="100" ind1=" " ind2=" ">
    <subfield code="a">Castel&#xE1;n Rueda, Roberto, </subfield>
    <subfield code="d"> 1957-</subfield>
  </datafield>
  <datafield tag="245" ind1=" " ind2=" ">
    <subfield code="a">Historiar y divagar / </subfield>
    <subfield code="c"> Roberto Castel&#xE1;n Rueda.</subfield>
  </datafield>
  <datafield tag="260" ind1=" " ind2=" ">
    <subfield code="a">Guadalajara, Jalisco : </subfield>
    <subfield code="b"> &#xC1;gata, </subfield>
    <subfield code="c"> 1999.</subfield>
  </datafield>
  <datafield tag="300" ind1=" " ind2=" ">
    <subfield code="a">119 p. ; </subfield>
    <subfield code="c"> 20 cm.</subfield>
  </datafield>
  <datafield tag="500" ind1=" " ind2=" ">
    <subfield code="a">Rec. DGB.</subfield>
  </datafield>
  <datafield tag="650" ind1=" " ind2=" ">
    <subfield code="a">Historia </subfield>
    <subfield code="x">Ensayos.</subfield>
  </datafield>
  <datafield tag="651" ind1=" " ind2=" ">
    <subfield code="a">M&#xE9;xico </subfield>
    <subfield code="x">Historia </subfield>
    <subfield code="x">Historiograf&#xED;a.</subfield>
  </datafield>
  <datafield tag="942" ind1=" " ind2=" ">
    <subfield code="2">lcc</subfield>
    <subfield code="c">LIB</subfield>
  </datafield>
  <datafield tag="999" ind1=" " ind2=" ">
    <subfield code="c">52633</subfield>
    <subfield code="d">52633</subfield>
  </datafield>
  <datafield tag="952" ind1=" " ind2=" ">
    <subfield code="1">0</subfield>
    <subfield code="2">lcc</subfield>
    <subfield code="4">0</subfield>
    <subfield code="7">0</subfield>
    <subfield code="a">BACH-003</subfield>
    <subfield code="b">BACH-003</subfield>
    <subfield code="c">GENERAL</subfield>
    <subfield code="d">2015-08-31</subfield>
    <subfield code="k">EH</subfield>
    <subfield code="o">F1224 C37 1999</subfield>
    <subfield code="p">BPCS000001496</subfield>
    <subfield code="r">2015-08-31 00:00:00</subfield>
    <subfield code="t">C : 1</subfield>
    <subfield code="y">LIB</subfield>
  </datafield>
  <datafield tag="952" ind1=" " ind2=" ">
    <subfield code="1">0</subfield>
    <subfield code="2">lcc</subfield>
    <subfield code="4">0</subfield>
    <subfield code="7">0</subfield>
    <subfield code="a">BACH-003</subfield>
    <subfield code="b">BACH-003</subfield>
    <subfield code="c">GENERAL</subfield>
    <subfield code="d">2015-08-31</subfield>
    <subfield code="k">EH</subfield>
    <subfield code="o">F1224 C37 1999</subfield>
    <subfield code="p">BPCS000001495</subfield>
    <subfield code="r">2015-08-31 00:00:00</subfield>
    <subfield code="t">C : 2</subfield>
    <subfield code="y">LIB</subfield>
  </datafield>
</record>
